000 00809nam a22002057a 4500
008 090811t xxu||||| |||| 00| 0 eng d
010 _aB-353872
020 _a978140822202975
_c610-00
035 _aB-353872
037 _aUBH
_bRP/CL/E;16/81/25-07-09/31-07-09
040 _adpl
_beng
082 _a483.2
245 _aLongman Dictionary of Contemporary English/
260 _aEngland
_bPearson Education
_c2009
270 _aEdinburgh Gate Harlow Essex cm20 2JE
_bEngland
300 _axiv, 2080pgs
_c24cm
942 _2ddc
_cEN
_h483.2
_mLON
999 _c29132
_d29132